Lofts : (Record no. 13428)
[ view plain ]
| 000 -CABECERA | |
|---|---|
| campo de control de longitud fija | 00955nam a2200265 4500 |
| 003 - IDENTIFICADOR DEL NÚMERO DE CONTROL | |
| campo de control | OSt |
| 005 - FECHA Y HORA DE LA ÚLTIMA TRANSACCIÓN | |
| campo de control | 20260530115312.0 |
| 008 - DATOS DE LONGITUD FIJA--INFORMACIÓN GENERAL | |
| campo de control de longitud fija | 260504b2003 wb a|||| |||| 00| 0 eng d |
| 020 ## - NÚMERO INTERNACIONAL ESTÁNDAR DEL LIBRO | |
| Número Internacional Estándar del Libro | 3936761078 |
| 040 ## - FUENTE DE LA CATALOGACIÓN | |
| Centro catalogador/agencia de origen | ICI |
| Lengua de catalogación | spa |
| Centro/agencia transcriptor | ICI |
| 041 ## - CÓDIGO DE LENGUA | |
| Código de lengua del texto/banda sonora o título independiente | spa |
| 050 14 - SIGNATURA TOPOGRÁFICA DE LA BIBLIOTECA DEL CONGRESO | |
| Número de clasificación | NA7882 |
| Número de documento/Ítem | L647 |
| 245 10 - MENCIÓN DE TÍTULO | |
| Título | Lofts : |
| Resto del título | Living, working and shopping in a loft = Vivir, trabajar y comprar en un loft / |
| Mención de responsabilidad, etc. | translation Mary Cecelia Black, Paola Consolaro y Maurizio Siliato ; editing Lola Gómez y Susana González Torras |
| 264 #1 - PRODUCCIÓN, PUBLICACIÓN, DISTRIBUCIÓN, FABRICACIÓN Y COPYRIGHT | |
| Nombre del de productor, editor, distribuidor, fabricante | Feierabeng, |
| Fecha de producción, publicación, distribución, fabricación o copyright | 2003 |
| Producción, publicación, distribución, fabricación y copyright | Berlin : |
| 300 ## - DESCRIPCIÓN FÍSICA | |
| Extensión | 851 páginas : |
| Otras características físicas | ilustraciones |
| 336 ## - TIPO DE CONTENIDO | |
| Término de tipo de contenido | texto |
| Fuente | rdacontent |
| 337 ## - TIPO DE MEDIO | |
| Nombre/término del tipo de medio | sin medio |
| Fuente | rdamedia |
| 338 ## - TIPO DE SOPORTE | |
| Nombre/término del tipo de soporte | volumen |
| Fuente | rdacarrier |
| 700 ## - PUNTO DE ACCESO ADICIONAL--NOMBRE DE PERSONA | |
| Nombre de persona | Black, Mary Cecelia, |
| Término indicativo de función/relación | traductor |
| 9 (RLIN) | 33034 |
| 700 ## - PUNTO DE ACCESO ADICIONAL--NOMBRE DE PERSONA | |
| Nombre de persona | Consolaro, Paola, |
| Término indicativo de función/relación | traductora |
| 9 (RLIN) | 33035 |
| 700 ## - PUNTO DE ACCESO ADICIONAL--NOMBRE DE PERSONA | |
| Nombre de persona | Siliato, Maurizio, |
| Término indicativo de función/relación | traductor |
| 9 (RLIN) | 29217 |
| 700 ## - PUNTO DE ACCESO ADICIONAL--NOMBRE DE PERSONA | |
| Nombre de persona | Gómez, Lola, |
| Término indicativo de función/relación | editora |
| 700 ## - PUNTO DE ACCESO ADICIONAL--NOMBRE DE PERSONA | |
| Nombre de persona | González Torras, Susana, |
| Término indicativo de función/relación | editora |
| 942 ## - ELEMENTOS DE PUNTO DE ACCESO ADICIONAL (KOHA) | |
| Fuente del sistema de clasificación o colocación | Library of Congress Classification |
| Tipo de ítem Koha | |
| Suprimir en OPAC | 1 |
No items available.